000 02526nam0a2200421 4500
001 RU\NLR\BIBL_A\022695896
005 20260114163207.0
010 _a978-5-09-129277-0
_91500
021 _aRU
_bКН-П-25-069682
_9КН-П-25-6746
035 _a(NLR Aleph) 022695896
090 _a13514772
_c13514772
100 _a20251225d2026 e y0rusy50 ca
101 0 _arus
102 _aRU
105 _aachbj 000yy
181 0 _ai
_baxxe
182 0 _an
200 1 _aОсновы безопасности и защиты Родины
_iАрмия России на защите Отечества
_e10-11 классы
_eбазовый уровень
_eучебное пособие
_eна основе требований к освоению основной образовательной программы среднего образования и ФГОС СОО
_fН. В. Гололобов, М. В. Маслов, Р. М. Тимошев [и др.]
_gпод редакцией генерал-лейтенанта Р. М. Тимошева
203 _aТекст
_bвизуальный
_cнепосредственный
205 _a2-е изд.
210 _aМосква
_cПросвещение
_d2026 (печ. 2025)
215 _a303 с.
_cил., цв. ил., портр., карт., факс.
_d26
225 1 _aФГОС
300 _aАвт. указаны на обороте тит. с.
300 _aКн. содерж. QR-коды на доп. информ.
313 _aПо пред. изд.
333 _a12+
601 0 1 _aРоссийская Федерация
_bВооруженные силы
_jУчебные издания для средней школы
_2nlr_sh2
_3RU\NLR\AUTH\661511492
606 1 _aБезопасность жизнедеятельности
_yРоссийская Федерация
_jУчебные издания для средней школы
_2nlr_sh1
_2nlr_sh2
_3RU\NLR\AUTH\661263737
686 1 _aЦ4,6(2Р)я721-1
701 1 _aГололобов
_bН. В.
_gНикита Валерьевич
701 1 _aМаслов
_bМ. В.
_cпедагог, основы безопасности жизнедеятельности
_gМихаил Викторович
_3RU\NLR\AUTH\7761356
701 1 _aТимошев
_bР. М.
_gРафаэль Миргалиевич
702 1 _aТимошев
_bР. М.
_gРафаэль Миргалиевич
_4340
942 _cBOOK
980 _aNB